| 000 | 00478nam a2200157 i 4500 | ||
|---|---|---|---|
| 001 | 34082 | ||
| 003 | ES-MaACL | ||
| 005 | 20230906154856.0 | ||
| 007 | t| | ||
| 008 | 030204s1931 sp ||||1| spa d | ||
| 100 | 1 |
_aBlanco Nájera, Francisco. _929275 |
|
| 245 | 1 | 3 |
_aLa escuela única a la luz de la pedagogía y del derecho / _cFrancisco Blanco Nájera. |
| 260 |
_aJaén : _b[s.n., _c1931] ( _fEl Pueblo Católico) |
||
| 300 |
_a188 p. ; _c20 cm. |
||
| 852 |
_aES-MaACL _jF-13729 |
||
| 999 |
_c34082 _d34082 |
||